| 000 | 00836nam a2200229 a 4500 | ||
|---|---|---|---|
| 001 | 000038330 | ||
| 005 | 20240510073817.0 | ||
| 008 | 090901s20uu dr 000 0 spa d | ||
| 040 |
_aDO-SdBNP _bpa _cBNPHU |
||
| 082 |
_a109 _bP872te |
||
| 100 | 1 |
_aPoueriet, Miguel Ángel, _d1959- _918186 |
|
| 245 | 1 | 0 |
_aTe invito a filosofar : _bguía de lecturas filosóficas seleccionadas / _cMiguel Ángel Poueriet ; prólogo Alejandro Arvelo. |
| 260 |
_aSanto Domingo : _bLa Escalera, _c[200?]. |
||
| 300 |
_a135 p. ; _c22 cm. |
||
| 500 | _aIncluye datos biográficos del autor en la contracubierta | ||
| 504 | _aBibliografía : p. 135 | ||
| 590 | _aInventariado, 2018 /LP | ||
| 650 | 0 |
_aFilosofía _9813 |
|
| 650 | 4 |
_aFilósofos _xBiografías _918187 |
|
| 700 | 1 | 2 |
_aArvelo, Alejandro, _epról. _9147 |
| 910 | _aValidado. Control de calidad MFF | ||
| 999 |
_c37820 _d37820 |
||